Principles of Microeconomics / (Record no. 613594)

000 -LEADER
fixed length control field 00490nam a22001697a 4500
020 ## - INTERNATIONAL STANDARD BOOK NUMBER
International Standard Book Number 978-1305971493
082 ## - DEWEY DECIMAL CLASSIFICATION NUMBER
Classification number 338.5
Author Mark MAN
100 ## - MAIN ENTRY--PERSONAL NAME
Personal name Mankiw, N. Gregory
245 ## - TITLE STATEMENT
Title Principles of Microeconomics /
Statement of responsibility, etc. N. Gregory Mankiw
250 ## - EDITION STATEMENT
Edition statement 8th Edition
260 ## - PUBLICATION, DISTRIBUTION, ETC.
Place of publication, distribution, etc. Australia ; Boston, MA :
Name of publisher, distributor, etc. Cengage Learning,
Date of publication, distribution, etc. 2018.
300 ## - PHYSICAL DESCRIPTION
Extent xxxii, 491 pages :
Other physical details illustrations ;
Dimensions 26 cm
504 ## - BIBLIOGRAPHY, ETC. NOTE
Bibliography, etc. note Includes index.<br/>
563 ## - BINDING INFORMATION
Binding note PB
650 ## - SUBJECT ADDED ENTRY--TOPICAL TERM
Topical term or geographic name entry element Microeconomics
942 ## - ADDED ENTRY ELEMENTS (KOHA)
Source of classification or shelving scheme
Koha item type Book
Holdings
Withdrawn status Lost status Source of classification or shelving scheme Damaged status Not for loan Permanent Location Current Location Date acquired Source of acquisition Cost, normal purchase price Total Checkouts Total Renewals Full call number Barcode Date last seen Date last checked out Price effective from Koha item type
          Central Library (CL) Central Library (CL) 04/13/2025 Pak Book Corporation 10065.92 2 3 338.5 MAN CL-1690 04/17/2026 10/09/2025 04/16/2025 Book
© 2023 Central Library, National University of Sciences and Technology. All Rights Reserved.